000 00722nam a22002297a 4500
003 DO-SdBNP
005 20240806130818.0
008 161202b20uu xxu a 00| 0 spa d
020 _a2350240606
040 _aBPMSU
_bspa
_cBPMSU
082 4 _a843.47
_bP454g
_222
100 1 _aPerrault, Charles
_d1628-1703
_968
245 1 3 _aEl gato con botas /
_cCharles Perrault ; ilustración Yann Couvin
260 _a[ Madrid] :
_bLire Cest Partir,
_c[200-?]
300 _a31 p. :
_bil, ;
_c20 cm.
590 _aInventariado, 2024/VM
650 4 _aCuentos infantiles franceses
650 4 _aLiteratura infantil francesa
700 1 _aCouvin, Yann
_eilustración
910 _aVMateo V. Control de calidad. BPMSUb
942 _2ddc
_cBK
999 _c14763
_d14763